| 000 | 00425nam a2200169Ia 4500 | ||
|---|---|---|---|
| 003 | GCL | ||
| 008 | 140319s9999 xx 000 0 ara d | ||
| 040 |
_aGCL / _cGCL |
||
| 082 | 0 | 4 |
_a503 _bب م |
| 100 | 1 | _aبسام عميقة | |
| 245 | 1 | 0 |
_aمعجم فروع العلوم / _cبسام عميقة |
| 300 | _a150 ص | ||
| 490 |
_a100 قصة _v0 |
||
| 650 | 0 | 4 | _aالعلوم |
| 650 | 0 | 4 | _aالقواميس |
| 942 |
_2ddc _cBK |
||
| 999 |
_c43517 _d43517 |
||